The first three year development of the Malaysian institute of management (1973 - 1975)
Salvato in:
| Ente Autore: | |
|---|---|
| Natura: | Libro |
| Lingua: | Undetermined |
| Pubblicazione: |
Kuala Lumpur
The Asian Association of Management Organisations
1973
|
| Soggetti: | |
| Tags: |
Aggiungi Tag
Nessun Tag, puoi essere il primo ad aggiungerne! !
|
| Thư viện lưu trữ: | Trung tâm Học liệu Trường Đại học Cần Thơ |
|---|
| LEADER | 00580nam a2200181Ia 4500 | ||
|---|---|---|---|
| 001 | CTU_90489 | ||
| 008 | 210402s9999 xx 000 0 und d | ||
| 082 | |a 658.8 | ||
| 082 | |b F527 | ||
| 110 | |a The Malaysian Institute of Management | ||
| 245 | 4 | |a The first three year development of the Malaysian institute of management (1973 - 1975) | |
| 260 | |a Kuala Lumpur | ||
| 260 | |b The Asian Association of Management Organisations | ||
| 260 | |c 1973 | ||
| 650 | |a malaya | ||
| 650 | |x management, plans | ||
| 904 | |i Năm | ||
| 980 | |a Trung tâm Học liệu Trường Đại học Cần Thơ | ||